[Event "BLR-chT U18"]
[Site "Gomel"]
[Date "2024.03.03"]
[Round "4.1"]
[White "Timoshenko, Anton"]
[Black "Yemelyanau, Zakhar"]
[Result "1-0"]
[WhiteElo "2000"]
[BlackElo "2000"]
[PlyCount "89"]
[EventDate "2024.03.01"]
[EventType "tourn"]
[EventRounds "7"]
[EventCountry "BLR"]
[SourceTitle "CB11_2024"]
[SourceDate "2024.03.13"]
[SourceVersion "1"]
[SourceVersionDate "2024.03.13"]
[SourceQuality "1"]

1. c4 Nf6 2. g3 e6 3. d4 d5 4. Nf3 Be7 5. Bg2 0-0 6. 0-0 c6 7. Nc3 b6 8. Nd2 Bb7 9. e4 dxe4 10. Ndxe4 Nbd7 11. Be3 Nxe4 12. Nxe4 Nf6 13. Qc2 Qd7 14. Rfd1 Rfd8 15. a4 h6 16. a5 bxa5 17. Rxa5 Nxe4 18. Bxe4 c5 19. Bxb7 Qxb7 20. dxc5 Rxd1+ 21. Qxd1 Rd8 22. Qe2 Qe4 23. c6 Qxc6 24. Rxa7 Bc5 25. Bxc5 Qxc5 26. Ra1 Qb4 27. Qc2 g6 28. b3 Rb8 29. Rb1 h5 30. Qd3 Rc8 31. h4 Rc5 32. Qd8+ Kg7 33. Ra1 Rf5 34. Qd4+ e5 35. Qe3 Qd6 36. c5 Qd5 37. Re1 e4 38. b4 Re5 39. Rc1 Re7 40. c6 Rc7 41. Qc5 Qe6 42. b5 Rc8 43. c7 e3 44. Qxe3 Qd7 45. b6 1-0

[Event "BLR-ch sf"]
[Site "Minsk"]
[Date "2023.12.14"]
[Round "8"]
[White "Hvozdz, Aliaksandr"]
[Black "Timoshenko, Anton"]
[Result "1-0"]
[WhiteElo "1920"]
[BlackElo "1816"]
[PlyCount "95"]
[EventDate "2023.12.07"]
[EventType "swiss"]
[EventRounds "9"]
[EventCountry "BLR"]
[SourceTitle "CB51_2023"]
[SourceDate "2023.12.20"]
[SourceVersion "1"]
[SourceVersionDate "2023.12.20"]
[SourceQuality "1"]

1. e4 c6 2. d4 d5 3. Nc3 dxe4 4. Nxe4 Nd7 5. Nf3 Ngf6 6. Nxf6+ Nxf6 7. c3 Bg4 8. Be2 e6 9. h3 Bxf3 10. Bxf3 Be7 11. 0-0 0-0 12. Re1 Qc7 13. Bg5 h6 14. Bh4 Rfd8 15. Qb3 Nd5 16. Bxe7 Qxe7 17. g3 Qc7 18. Rad1 Qb6 19. Qc2 Rd7 20. Rd2 Rad8 21. Kg2 Qa5 22. a3 Nb6 23. Rde2 Qa4 24. Qb1 Qb3 25. Bg4 Rd6 26. f4 Rf8 27. f5 exf5 28. Qxf5 Rf6 29. Qc5 Qd5+ 30. Qxd5 Nxd5 31. Bf3 a6 32. Bxd5 cxd5 33. Re7 Rb6 34. R1e2 Rd8 35. Rc7 Rdd6 36. Rf2 f5 37. Re2 Rdc6 38. Rd7 Rd6 39. Rc7 Rdc6 40. Rce7 Rf6 41. R7e5 Rbd6 42. Kf3 Rd7 43. h4 Kf7 44. h5 b5 45. Kf4 Rdd6 46. Re7+ Kg8 47. R2e5 a5 48. Rb7 1-0

[Event "BLR-ch sf"]
[Site "Minsk"]
[Date "2023.12.12"]
[Round "6"]
[White "Timoshenko, Anton"]
[Black "Kramich, Aliaksei"]
[Result "1/2-1/2"]
[WhiteElo "1816"]
[BlackElo "2109"]
[PlyCount "76"]
[EventDate "2023.12.07"]
[EventType "swiss"]
[EventRounds "9"]
[EventCountry "BLR"]
[SourceTitle "CB51_2023"]
[SourceDate "2023.12.20"]
[SourceVersion "1"]
[SourceVersionDate "2023.12.20"]
[SourceQuality "1"]

1. d4 Nf6 2. Nf3 g6 3. Bf4 Bg7 4. e3 c5 5. c3 b6 6. Be2 Bb7 7. 0-0 0-0 8. Nbd2 d5 9. Ne5 Nc6 10. a4 Nd7 11. Ndf3 Ndxe5 12. Nxe5 Nxe5 13. Bxe5 Bxe5 14. dxe5 Qc7 15. f4 f6 16. exf6 Rxf6 17. a5 Rd8 18. axb6 axb6 19. Qb3 Bc8 20. Ra8 Kg7 21. g3 Bh3 22. Rxd8 Qxd8 23. Rd1 Rd6 24. Qb5 e5 25. b4 exf4 26. exf4 c4 27. Kf2 Kh6 28. Rd4 Bd7 29. Qa6 Qe7 30. Qa1 Bf5 31. Qd1 Be4 32. Bxc4 Rc6 33. Bxd5 Bxd5 34. Rxd5 Rxc3 35. b5 Qe4 36. Rd2 Qe3+ 37. Kg2 Qe4+ 38. Kf2 Qe3+ 1/2-1/2

[Event "Minsk op"]
[Site "Minsk"]
[Date "2023.11.06"]
[Round "4"]
[White "Timoshenko, Anton"]
[Black "Trafimchuk, Tsikhan"]
[Result "1-0"]
[WhiteElo "1796"]
[BlackElo "1350"]
[PlyCount "101"]
[EventDate "2023.11.03"]
[EventType "swiss"]
[EventRounds "9"]
[EventCountry "BLR"]
[SourceTitle "CB46_2023"]
[SourceDate "2023.11.15"]
[SourceVersion "1"]
[SourceVersionDate "2023.11.15"]
[SourceQuality "1"]

1. d4 Nf6 2. Nf3 g6 3. Bf4 Bg7 4. e3 0-0 5. h3 d6 6. Bc4 Nbd7 7. 0-0 b6 8. Bh2 Bb7 9. a4 a6 10. c3 Qe8 11. Na3 e5 12. Be2 e4 13. Nd2 Qe7 14. b4 Ne8 15. Qb3 Kh8 16. Rac1 f5 17. a5 g5 18. c4 f4 19. Rfe1 f3 20. Bf1 g4 21. hxg4 Qh4 22. Bg3 Qxg4 23. c5 Ndf6 24. axb6 Nh5 25. Bh2 cxb6 26. cxd6 Rf6 27. d7 Qxd7 28. Nac4 Qf5 29. gxf3 Rg6+ 30. Kh1 exf3 31. e4 Qg4 32. Qxf3 Qh4 33. d5 Nef6 34. Ne5 Ng4 35. Nxg6+ hxg6 36. Qg2 Nxf2+ 37. Kg1 Bd4 38. Be5+ Bxe5 39. Nf3 Qf6 40. Nxe5 Nf4 41. Nxg6+ Nxg6 42. Qxf2 Qg7 43. Re3 Rf8 44. Qg3 Bc8 45. Rc7 Bd7 46. Bg2 Rf7 47. e5 Nf4 48. Qxg7+ Rxg7 49. Rxd7 Rxd7 50. e6 Rd8 51. e7 1-0

[Event "Minsk op"]
[Site "Minsk"]
[Date "2023.11.05"]
[Round "3"]
[White "Astrovski, Roman"]
[Black "Timoshenko, Anton"]
[Result "0-1"]
[WhiteElo "1349"]
[BlackElo "1796"]
[PlyCount "66"]
[EventDate "2023.11.03"]
[EventType "swiss"]
[EventRounds "9"]
[EventCountry "BLR"]
[SourceTitle "CB46_2023"]
[SourceDate "2023.11.15"]
[SourceVersion "1"]
[SourceVersionDate "2023.11.15"]
[SourceQuality "1"]

1. Nf3 d5 2. d4 Nf6 3. Bf4 c5 4. c3 Nc6 5. e3 Qb6 6. Qc1 Bf5 7. Nbd2 e6 8. Nb3 c4 9. Nbd2 Rc8 10. Ne5 Nxe5 11. Bxe5 Nd7 12. Bg3 Bd6 13. Bxd6 Qxd6 14. f4 b5 15. b4 a5 16. a3 Ra8 17. Be2 0-0 18. 0-0 Ra6 19. h4 Rfa8 20. Qb2 Nf6 21. h5 h6 22. Rfe1 Qe7 23. Nf3 Bg4 24. Ne5 Bxe2 25. Rxe2 axb4 26. cxb4 Nxh5 27. Qc3 Nf6 28. Rea2 Ne4 29. Qc2 R8a7 30. Qb2 Qh4 31. a4 Ng3 32. Nf3 Qh1+ 33. Kf2 Ne4+ 0-1

[Event "Wch U14 blitz"]
[Site "Batumi"]
[Date "2023.06.11"]
[Round "7"]
[White "Timoshenko, Anton"]
[Black "Dotzer, Lukas"]
[Result "1-0"]
[WhiteElo "1721"]
[BlackElo "2126"]
[PlyCount "91"]
[EventDate "2023.06.10"]
[EventType "swiss (blitz)"]
[EventRounds "11"]
[EventCountry "GEO"]
[SourceTitle "EXT 2024"]
[Source "ChessBase"]
[SourceDate "2023.10.10"]
[SourceVersion "1"]
[SourceVersionDate "2023.10.10"]
[SourceQuality "1"]
[WhiteTeam "FIDE"]
[BlackTeam "Austria"]
[BlackTeamCountry "AUT"]

1. d4 Nf6 2. Nf3 g6 3. Bf4 Bg7 4. e3 d6 5. h3 0-0 6. Bc4 b6 7. 0-0 Bb7 8. c3 Nbd7 9. a4 a6 10. Na3 c5 11. Bh2 Ne4 12. Nd2 Ndf6 13. f3 Nxd2 14. Qxd2 Qd7 15. Nc2 Rac8 16. Qe2 Ra8 17. e4 cxd4 18. Nxd4 d5 19. exd5 Nxd5 20. Rfd1 Rfd8 21. Kh1 Qe8 22. Bxd5 Bxd5 23. Bc7 Rdc8 24. Bxb6 e5 25. Nc2 Bc4 26. Qf2 Rab8 27. a5 Qc6 28. Ne3 Bb3 29. Re1 e4 30. fxe4 Re8 31. Nd5 Bxd5 32. exd5 Qxd5 33. Rxe8+ Rxe8 34. Re1 Rc8 35. Qe2 Bf6 36. Qxa6 Ra8 37. Qe2 Bh4 38. Qe4 Qxe4 39. Rxe4 Bg3 40. Rd4 Kg7 41. Rd8 Ra6 42. b4 Bh4 43. Rc8 Bg3 44. b5 Rxb6 45. axb6 f5 46. b7 1-0

[Event "Wch U14 blitz"]
[Site "Batumi"]
[Date "2023.06.11"]
[Round "11"]
[White "Timoshenko, Anton"]
[Black "Rustemov, Gurbanmyrat"]
[Result "1-0"]
[WhiteElo "1721"]
[BlackElo "1806"]
[PlyCount "89"]
[EventDate "2023.06.10"]
[EventType "swiss (blitz)"]
[EventRounds "11"]
[EventCountry "GEO"]
[SourceTitle "EXT 2024"]
[Source "ChessBase"]
[SourceDate "2023.10.10"]
[SourceVersion "1"]
[SourceVersionDate "2023.10.10"]
[SourceQuality "1"]
[WhiteTeam "FIDE"]
[BlackTeam "Turkmenistan"]
[BlackTeamCountry "TKM"]

1. d4 d5 2. Nf3 c6 3. c3 Nf6 4. Bf4 e6 5. e3 Bd6 6. Bg3 0-0 7. Ne5 Qc7 8. Nd2 Nbd7 9. f4 Ne4 10. Nxe4 dxe4 11. Bc4 Nb6 12. Bb3 Nd5 13. Qe2 b5 14. 0-0 Bb7 15. c4 bxc4 16. Bxc4 f6 17. Ng4 Kh8 18. Nf2 f5 19. Rac1 g5 20. Nh3 g4 21. Nf2 Qb6 22. Bh4 Rae8 23. a3 Be7 24. Bxe7 Rxe7 25. Nd1 Rg7 26. g3 Rb8 27. b4 a5 28. Rb1 axb4 29. Bxd5 exd5 30. Rxb4 Qc7 31. Qb2 Ra8 32. Rf2 Ba6 33. Nc3 Rgg8 34. Qc1 Qd6 35. Rfb2 Rgb8 36. Na4 Bb5 37. Qc5 Qxc5 38. dxc5 Bxa4 39. Rxb8+ Rxb8 40. Rxb8+ Kg7 41. Rb4 Bb5 42. a4 Bc4 43. Rb6 Kf7 44. a5 Ke7 45. a6 1-0

[Event "Wch U14 blitz"]
[Site "Batumi"]
[Date "2023.06.10"]
[Round "4"]
[White "Bazilius, Augustinas"]
[Black "Timoshenko, Anton"]
[Result "1-0"]
[WhiteElo "2019"]
[BlackElo "1721"]
[PlyCount "75"]
[EventDate "2023.06.10"]
[EventType "swiss (blitz)"]
[EventRounds "11"]
[EventCountry "GEO"]
[SourceTitle "EXT 2024"]
[Source "ChessBase"]
[SourceDate "2023.10.10"]
[SourceVersion "1"]
[SourceVersionDate "2023.10.10"]
[SourceQuality "1"]
[WhiteTeam "Lithuania"]
[BlackTeam "FIDE"]
[WhiteTeamCountry "LTU"]

1. d4 d5 2. c4 e6 3. Nf3 c6 4. Nbd2 Nf6 5. g3 dxc4 6. Nxc4 b5 7. Nce5 Bb7 8. Bg2 Bd6 9. 0-0 0-0 10. b3 c5 11. dxc5 Bxc5 12. Qxd8 Rxd8 13. Nxf7 Rf8 14. N7e5 Nbd7 15. Nxd7 Nxd7 16. Bb2 Rac8 17. Rac1 Nf6 18. Bh3 Rfe8 19. Ng5 Bd5 20. Bxf6 gxf6 21. e4 fxg5 22. exd5 Kg7 23. Bxe6 Rc7 24. Rc2 Bd6 25. Rxc7+ Bxc7 26. Rc1 Be5 27. Rc5 Bd4 28. Rc7+ Kh8 29. Kg2 b4 30. Rc4 Bc3 31. f4 gxf4 32. gxf4 Rd8 33. Rc7 Bd4 34. Kf3 h6 35. Ke4 Bf2 36. Kf5 Rd6 37. Kg6 Bh4 38. Rh7# 1-0

[Event "Wch U14 blitz"]
[Site "Batumi"]
[Date "2023.06.10"]
[Round "1"]
[White "Timoshenko, Anton"]
[Black "Vetokhin, Savva"]
[Result "0-1"]
[WhiteElo "1721"]
[BlackElo "2320"]
[PlyCount "108"]
[EventDate "2023.06.10"]
[EventType "swiss (blitz)"]
[EventRounds "11"]
[EventCountry "GEO"]
[SourceTitle "EXT 2024"]
[Source "ChessBase"]
[SourceDate "2023.10.10"]
[SourceVersion "1"]
[SourceVersionDate "2023.10.10"]
[SourceQuality "1"]
[WhiteTeam "FIDE"]
[BlackTeam "FIDE"]

1. d4 Nf6 2. Nf3 e6 3. Bf4 c5 4. c3 Be7 5. e3 cxd4 6. exd4 b6 7. Nbd2 0-0 8. h3 d6 9. Bd3 Ba6 10. Qe2 Bxd3 11. Qxd3 a6 12. a4 Nbd7 13. 0-0 Nd5 14. Bh2 N7f6 15. Rfe1 Qd7 16. Ne4 Nxe4 17. Qxe4 b5 18. axb5 axb5 19. Bg3 Qc6 20. Bh4 Bxh4 21. Nxh4 b4 22. Rac1 bxc3 23. bxc3 Qc4 24. Nf3 Ra2 25. Ng5 Nf6 26. Qf4 d5 27. Nf3 Ne4 28. Ne5 Qc7 29. Rxe4 dxe4 30. Qxe4 Rfa8 31. g3 Ra1 32. Rxa1 Rxa1+ 33. Kg2 Ra7 34. Qe3 f6 35. Nf3 Qc6 36. Qd3 Rc7 37. Qe3 Kf7 38. Qd3 g6 39. Qe3 Qxc3 40. Qf4 Kg7 41. h4 h5 42. Nd2 Qc6+ 43. Nf3 Rd7 44. Qe3 Qd5 45. Qf4 Ra7 46. Qe3 Rb7 47. Qf4 Qc6 48. Qe3 Rb5 49. Qf4 Rb3 50. g4 hxg4 51. Qxg4 Qd5 52. Qf4 Qf5 53. Qc7+ Kh6 54. Qg3 Kh5 0-1

[Event "Wch U14 rapid"]
[Site "Batumi"]
[Date "2023.06.07"]
[Round "7"]
[White "Timoshenko, Anton"]
[Black "Rakhmatullaev, Muhammadsoli"]
[Result "0-1"]
[WhiteElo "1725"]
[BlackElo "1332"]
[PlyCount "102"]
[EventDate "2023.06.06"]
[EventType "swiss (rapid)"]
[EventRounds "11"]
[EventCountry "GEO"]
[SourceTitle "EXT 2024"]
[Source "ChessBase"]
[SourceDate "2023.10.10"]
[SourceVersion "1"]
[SourceVersionDate "2023.10.10"]
[SourceQuality "1"]
[WhiteTeam "FIDE"]
[BlackTeam "Uzbekistan"]
[BlackTeamCountry "UZB"]

1. c4 Nf6 2. g3 e6 3. Bg2 d5 4. d4 Be7 5. Nf3 0-0 6. 0-0 dxc4 7. Ne5 Nd5 8. Nxc4 Nd7 9. Nc3 c6 10. e4 Nxc3 11. bxc3 b5 12. Ne3 Bb7 13. a4 a6 14. e5 Nb6 15. a5 Nd5 16. Nxd5 cxd5 17. f4 Rc8 18. Bd2 b4 19. cxb4 Rc4 20. Be3 Rxb4 21. g4 Qd7 22. Qd2 Rc4 23. Rab1 Bc6 24. Rf3 Bb5 25. Bf1 Rc7 26. Bxb5 axb5 27. Rh3 b4 28. Qd3 g6 29. Bd2 Rc4 30. Qe3 f6 31. Kh1 fxe5 32. fxe5 Qa7 33. Qh6 Rf7 34. Be3 Qxa5 35. Bg5 Bxg5 36. Qxg5 Qc7 37. Ra1 Qd7 38. Qd2 Qb7 39. Qe3 Rc3 40. Qh6 Rxh3 41. Qxh3 Rf8 42. Rb1 Rb8 43. g5 Qc6 44. Qf3 b3 45. h4 b2 46. Qd3 Qc4 47. Qd2 Rb3 48. Qf4 Rb7 49. Qd2 Rb3 50. Rxb2 Qf1+ 51. Kh2 Rh3# 0-1

[Event "BLR-ch U20"]
[Site "Minsk"]
[Date "2023.04.12"]
[Round "5"]
[White "Siniauski, Artsiom"]
[Black "Timoshenko, Anton"]
[Result "1-0"]
[WhiteElo "2247"]
[BlackElo "1672"]
[PlyCount "59"]
[EventDate "2023.04.12"]
[EventType "tourn"]
[EventRounds "9"]
[EventCountry "BLR"]
[SourceTitle "EXT 2024"]
[Source "ChessBase"]
[SourceDate "2023.10.10"]
[SourceVersion "1"]
[SourceVersionDate "2023.10.10"]
[SourceQuality "1"]

1. e4 d5 2. exd5 Qxd5 3. Nc3 Qd6 4. d4 Nf6 5. Nf3 c6 6. g3 Bf5 7. Bf4 Qd8 8. Qe2 e6 9. Nh4 Bg4 10. f3 Bh5 11. Nf5 Nd5 12. Be5 Nxc3 13. bxc3 Qd5 14. g4 Bxg4 15. fxg4 Qxh1 16. Rb1 Nd7 17. Rxb7 Rg8 18. Bc7 Be7 19. Ng3 Bh4 20. c4 Ke7 21. Kd2 Bxg3 22. Bxg3 Rgc8 23. Qf2 f6 24. Qf4 Rd8 25. Qd6+ Kf7 26. Rxd7+ Rxd7 27. Qxd7+ Kg8 28. Qxe6+ Kh8 29. Bd3 Qg2+ 30. Kc3 1-0

[Event "BLR-ch U20"]
[Site "Minsk"]
[Date "2023.04.12"]
[Round "3"]
[White "Timoshenko, Anton"]
[Black "Spizharny, Mikhail"]
[Result "1-0"]
[WhiteElo "1672"]
[BlackElo "2052"]
[PlyCount "157"]
[EventDate "2023.04.12"]
[EventType "tourn"]
[EventRounds "9"]
[EventCountry "BLR"]
[SourceTitle "EXT 2024"]
[Source "ChessBase"]
[SourceDate "2023.10.10"]
[SourceVersion "1"]
[SourceVersionDate "2023.10.10"]
[SourceQuality "1"]

1. d4 g6 2. Nf3 Bg7 3. Bf4 d6 4. e3 Nd7 5. h3 e5 6. Bh2 Qe7 7. Be2 Ngf6 8. 0-0 0-0 9. c4 b6 10. Nc3 Bb7 11. b4 Ne4 12. Nxe4 Bxe4 13. Rc1 a5 14. b5 Rae8 15. a4 f5 16. dxe5 dxe5 17. Nd2 Bb7 18. c5 Nxc5 19. Qc2 Kh8 20. Nc4 Qg5 21. f3 Ne6 22. Kh1 f4 23. e4 Rd8 24. Bg1 Rd7 25. Qa2 Qe7 26. Rc3 Nd4 27. Rfc1 h5 28. Bxd4 exd4 29. Rd3 Qh4 30. Rcd1 Rfd8 31. Bf1 Bc8 32. Qb2 Qg5 33. Rc1 Re7 34. Rc2 Be6 35. Qc1 Red7 36. Nb2 Qe5 37. Rc6 g5 38. Rd2 Bf7 39. Bc4 Be8 40. Nd3 Qe7 41. Bb3 Bf7 42. Bxf7 Qxf7 43. Qc4 Qxc4 44. Rxc4 Rf7 45. Rdc2 Rdd7 46. Rc6 Kh7 47. R2c4 h4 48. Kg1 Rfe7 49. Kf2 Bh8 50. Ke2 Kg7 51. Nf2 Kf7 52. Kd3 Ke8 53. Ng4 Kd8 54. Nh6 Rd6 55. Rxd6+ cxd6 56. Nf5 d5 57. Rc8+ Kxc8 58. Nxe7+ Kc7 59. Nxd5+ Kb7 60. Kc4 Bg7 61. Ne7 Kc7 62. Nf5 Be5 63. Nxd4 Kd6 64. Ne2 Bf6 65. Nc3 Ke5 66. Nd5 Bd8 67. Kd3 Kd6 68. Kd4 Ke6 69. e5 Kf5 70. Nxb6 Bxb6+ 71. Kd5 Bc7 72. e6 Bd8 73. Kd6 Kf6 74. Kd7 Be7 75. b6 Bc5 76. b7 Ba7 77. e7 g4 78. e8Q gxh3 79. gxh3 1-0

[Event "Kaspersky op U16"]
[Site "Tornelo INT"]
[Date "2021.04.02"]
[Round "11"]
[White "Kassar, Bashar"]
[Black "Timoshenko, Anton"]
[Result "1-0"]
[WhiteElo "1379"]
[BlackElo "1473"]
[PlyCount "95"]
[EventDate "2021.04.02"]
[EventType "swiss (blitz)"]
[EventRounds "11"]
[EventCountry "RUS"]
[SourceTitle "CBM 201 Extra"]
[Source "ChessBase"]
[SourceDate "2021.05.31"]
[SourceVersion "1"]
[SourceVersionDate "2021.05.31"]
[SourceQuality "1"]

1. e4 d5 2. exd5 Qxd5 3. Nc3 Qd6 4. Nf3 Nf6 5. Be2 a6 6. 0-0 Bg4 7. b3 e6 8. Bb2 Be7 9. h3 Bh5 10. d4 Nc6 11. Na4 0-0-0 12. c3 Qd7 13. Nc5 Bxc5 14. dxc5 Qe7 15. Qc2 Qxc5 16. Rad1 Ne5 17. Nd4 Bxe2 18. Qxe2 Nc6 19. Nf3 Kb8 20. b4 Qb6 21. a4 Nd5 22. b5 axb5 23. axb5 Na7 24. c4 Nf6 25. Bd4 c5 26. bxc6 Qxc6 27. Ne5 Qc7 28. Qe3 Nc6 29. Nxc6+ Qxc6 30. Ra1 Ne8 31. Be5+ Nc7 32. Rfd1 Rxd1+ 33. Rxd1 f6 34. Bd6 e5 35. c5 Kc8 36. Qg3 g6 37. Qg4+ f5 38. Qg5 e4 39. Qf6 Rd8 40. Ra1 Na6 41. Qe6+ Qd7 42. Qd5 Nc7 43. Qe5 Na6 44. Qd5 Re8 45. Rxa6 Qb5 46. Ra8+ Kd7 47. Bf8+ Kc7 48. Qd6# 1-0

[Event "Kaspersky op U16"]
[Site "Tornelo INT"]
[Date "2021.04.02"]
[Round "5"]
[White "Timoshenko, Anton"]
[Black "Pyrig, Roman"]
[Result "0-1"]
[WhiteElo "1473"]
[BlackElo "1904"]
[PlyCount "68"]
[EventDate "2021.04.02"]
[EventType "swiss (blitz)"]
[EventRounds "11"]
[EventCountry "RUS"]
[SourceTitle "CBM 201 Extra"]
[Source "ChessBase"]
[SourceDate "2021.05.31"]
[SourceVersion "1"]
[SourceVersionDate "2021.05.31"]
[SourceQuality "1"]

1. d4 Nf6 2. Nf3 e6 3. Bf4 c5 4. c3 Nc6 5. e3 Be7 6. Nbd2 0-0 7. Bd3 Nh5 8. Bg3 b6 9. Ne4 Bb7 10. Bd6 cxd4 11. exd4 Na5 12. Bxe7 Qxe7 13. 0-0 Nf4 14. Bc2 f5 15. Ng3 g5 16. Re1 Nxg2 17. Kxg2 g4 18. Kg1 Bxf3 19. Qc1 Qh4 20. Bd3 Rf6 21. Be2 Rh6 22. Bxf3 Qxh2+ 23. Kf1 gxf3 24. Qg5+ Rg6 25. Qxg6+ hxg6 26. Red1 Nc4 27. b3 Qg2+ 28. Ke1 Qg1+ 29. Nf1 Nd6 30. Rd2 Ne4 31. Rc2 Kf7 32. c4 Rh8 33. Rd2 Qxf1+ 34. Kxf1 Rh1# 0-1

[Event "Kaspersky op U16"]
[Site "Tornelo INT"]
[Date "2021.04.02"]
[Round "9"]
[White "Timoshenko, Anton"]
[Black "Sathish, Abinavah1111"]
[Result "1/2-1/2"]
[WhiteElo "1473"]
[BlackElo "1259"]
[PlyCount "97"]
[EventDate "2021.04.02"]
[EventType "swiss (blitz)"]
[EventRounds "11"]
[EventCountry "RUS"]
[SourceTitle "CBM 201 Extra"]
[Source "ChessBase"]
[SourceDate "2021.05.31"]
[SourceVersion "1"]
[SourceVersionDate "2021.05.31"]
[SourceQuality "1"]

1. d4 d5 2. Nf3 Nf6 3. Bf4 Bf5 4. e3 c6 5. c3 e6 6. Nbd2 Nbd7 7. Be2 Be7 8. Ne5 0-0 9. 0-0 Nxe5 10. Bxe5 Nd7 11. Bg3 b6 12. f3 Bh4 13. Bxh4 Qxh4 14. Qe1 Qxe1 15. Raxe1 h6 16. e4 dxe4 17. fxe4 Bh7 18. Bf3 Rac8 19. Nc4 Rfd8 20. e5 Bd3 21. Be2 Bxc4 22. Bxc4 b5 23. Bb3 a5 24. Rf3 c5 25. Ref1 Rf8 26. Rd1 c4 27. Bc2 Nb6 28. a3 Nd5 29. Rdf1 Rc7 30. Be4 Rb8 31. h4 b4 32. axb4 axb4 33. g4 bxc3 34. bxc3 Rb3 35. Bxd5 exd5 36. g5 hxg5 37. hxg5 g6 38. R1f2 Kf8 39. e6 Rbb7 40. Kg2 Kg7 41. exf7 Rxf7 42. Rxf7+ Rxf7 43. Rxf7+ Kxf7 44. Kg3 Ke6 45. Kf4 Kd6 46. Kg4 Ke6 47. Kf4 Kd6 48. Ke3 Ke6 49. Kf4 1/2-1/2